| 000 | 00412nam a22001457a 4500 | ||
|---|---|---|---|
| 005 | 20151130143408.0 | ||
| 008 | 151130b xxu||||| |||| 00| 0 eng d | ||
| 040 | _cPK-LaUMT | ||
| 082 |
_aMSC 780.92 _bAHM-N |
||
| 100 | _aاحمد عقیل روبی | ||
| 245 |
_aنصرت فتح علی خان _cاحمد عقیل روبی |
||
| 260 |
_aلاہور _bورڈز آف وزڈم _c1992 |
||
| 300 | _a200 ص | ||
| 942 | _cBK | ||
| 999 |
_c79251 _d79251 |
||